LEADER 01051nam0-2200325---450- 001 990009524480403321 005 20120206154455.0 010 $a978-84-96820-20-3 035 $a000952448 035 $aFED01000952448 035 $a(Aleph)000952448FED01 035 $a000952448 100 $a20120206d2008----km-y0itay50------ba 101 0 $afre 102 $aES 105 $ay---ac--001yy 200 1 $a<>ingénieurs militaires espagnols de 1710 à 1803$eétude prosopographique et sociale d'un corps d'élite$fMartine Galland Seguela 210 $aMadrid$cCasa de Velázquez$d2008 215 $aXIV, 449 p.$d25 cm 225 1 $aBibliothèque de la Casa de Velázquez$v40 320 $aBibliografia: p. 371-397 610 0 $aIngegneri militari$aSpagna$aStoria 700 1$aGalland Seguela,$bMartine$0515191 801 0$aIT$bUNINA$gRICA$2UNIMARC 901 $aBK 912 $a990009524480403321 952 $a11.594$b10031$fDARST 959 $aDARST 996 $aIngénieurs militaires espagnols de 1710 à 1803$9856032 997 $aUNINA LEADER 02191nam 2200505z- 450 001 9910557666503321 005 20211118 035 $a(CKB)5400000000044840 035 $a(oapen)https://directory.doabooks.org/handle/20.500.12854/74240 035 $a(oapen)doab74240 035 $a(EXLCZ)995400000000044840 100 $a20202111d2020 |y 0 101 0 $aeng 135 $aurmn|---annan 181 $ctxt$2rdacontent 182 $cc$2rdamedia 183 $acr$2rdacarrier 200 00$aUnderstanding the Operation of Visual Working Memory in Rich Complex Visual Context 210 $cFrontiers Media SA$d2020 215 $a1 online resource (118 p.) 311 08$a2-88966-104-0 330 $aThis eBook is a collection of articles from a Frontiers Research Topic. Frontiers Research Topics are very popular trademarks of the Frontiers Journals Series: they are collections of at least ten articles, all centered on a particular subject. With their unique mix of varied contributions from Original Research to Review Articles, Frontiers Research Topics unify the most influential researchers, the latest key findings and historical advances in a hot research area! Find out more on how to host your own Frontiers Research Topic or contribute to one as an author by contacting the Frontiers Editorial Office: frontiersin.org/about/contact 606 $aPsychology$2bicssc 606 $aScience: general issues$2bicssc 610 $abiological motion 610 $aconfiguration 610 $adevelopment 610 $aemotion 610 $agestalt 610 $aregularities 610 $avisual working memory 615 7$aPsychology 615 7$aScience: general issues 700 $aMagen$b Hagit$4edt$01327017 702 $aPeelen$b Marius$4edt 702 $aAloi Emmanouil$b Tatiana$4edt 702 $aGao$b Zaifeng$4edt 702 $aMagen$b Hagit$4oth 702 $aPeelen$b Marius$4oth 702 $aAloi Emmanouil$b Tatiana$4oth 702 $aGao$b Zaifeng$4oth 906 $aBOOK 912 $a9910557666503321 996 $aUnderstanding the Operation of Visual Working Memory in Rich Complex Visual Context$93037799 997 $aUNINA